[Event "GER-chT U20"]
[Site "Berlin"]
[Date "2005.12.30"]
[Round "7.6"]
[White "Hermann, Ingo"]
[Black "Khalat, David"]
[Result "1-0"]
[WhiteElo "2007"]
[BlackElo "1640"]
[PlyCount "69"]
[EventDate "2005.12.27"]
[EventType "team-swiss"]
[EventRounds "7"]
[EventCountry "GER"]
[SourceTitle "EXT 2022"]
[Source "ChessBase"]
[SourceDate "2021.10.06"]
[SourceVersion "1"]
[SourceVersionDate "2021.10.06"]
[SourceQuality "1"]
[WhiteTeam "Erfurt Medizin U20"]
[BlackTeam "Mainz Schott U20"]
[WhiteTeamCountry "GER"]
[BlackTeamCountry "GER"]

1. e4 d5 2. exd5 Nf6 3. Nc3 Nxd5 4. Bc4 Nxc3 5. Qf3 e6 6. Qxc3 Nc6 7. Nf3 Bd7 8. 0-0 Ne7 9. Ne5 Nf5 10. Qf3 Rb8 11. Nxf7 Kxf7 12. Qxf5+ Qf6 13. Qxf6+ gxf6 14. Re1 Re8 15. d3 Bd6 16. Bd2 h5 17. f4 Kg7 18. Re2 Re7 19. Rae1 Rhe8 20. a3 a6 21. d4 c6 22. Bb4 Bxb4 23. axb4 f5 24. d5 cxd5 25. Bxd5 Bc8 26. Re5 Kf6 27. Bf3 Rh8 28. Rd1 h4 29. Kf2 Rhh7 30. Ke3 Rd7 31. Rd4 Rxd4 32. Kxd4 Rc7 33. Rc5 Rxc5 34. Kxc5 b5 35. Kd6 1-0